000 00783nam a2200253 a 4500
001 58045
003 BD-RjUL
005 20211209080600.0
008 161215s1990 nyua b 001 0 eng
020 _a0070449678 :
035 _a(BD-RjUL) 58169
040 _aDLC
_cDLC
_dDLC
_dBD-RjUL
_beng
041 _aeng
082 0 0 _a330
_223
_bMCE 1990
100 1 _aMcConnell, Campbell R.
_9172353
245 1 0 _aEconomics :
_bprinciples, problems and policies /
_cCampbell R. McConnell and Stanley L. Brue.
250 _a11th ed.
260 _aNew York :
_bMcGraw-Hill,
_cc1990.
300 _axlii, 866 p. :
_bill. ;
_c27 cm.
504 _aIncludes bibliographical references and index.
650 0 _aEconomics.
_9170576
700 1 _aBrue, Stanley L.,
_d1945-
_9172354
942 _2ddc
_cBK
999 _c58045
_d58045